Which Word Works? Quiz Stats

 Plays Quiz Updated Oct 13, 2015

Challenge
Share
Tweet
Embed
Score 0/24 Timer 06:00
61 Plays Today
Which word... A or B % Correct
...authorizes the use of medicine?
(A) Proscribe or (B) Prescribe
???
93%
...describes a downward movement?
(A) Dissent or (B) Descent
???
92.4%
...means 'in that order'?
(A) Respectfully or (B) Respectively
???
92.1%
...means 'awake'?
(A) Conscious or (B) Conscience
???
91.9%
...means 'to continue'?
(A) Proceed or (B) Precede
???
91.9%
...is synonymous with 'earlier'?
(A) Formally or (B) Formerly
???
91.4%
...indicates obtaining permission to do something?
(A) Can or (B) May
???
90.2%
...is a contraction?
(A) It's or (B) Its
???
87.5%
...accompanies thunder?
(A) Lightning or (B) Lightening
???
86.5%
...indicates that something will occur soon?
(A) Eminent or (B) Imminent
???
85.4%
...is a verb?
(A) Envelop or (B) Envelope
???
85.2%
...is a governing body?
(A) Council or (B) Counsel
???
85.1%
Which word... A or B % Correct
...is the verb used when naming the country you moved FROM?
(A) Immigrate or (B) Emigrate
???
78.8%
...indicates a smaller amount that can be counted?
(A) Fewer or (B) Less
???
75.9%
...should be used (with 'breath') to express suspense?
(A) Bated or (B) Baited
???
75.4%
...is a piece of jewelry?
(A) Broach or (B) Brooch
???
73.5%
...is a transitive verb that is followed by an object?
(A) Lie or (B) Lay
???
73.2%
...is a preposition used with two persons or things?
(A) Between or (B) Among
???
69.6%
...means 'to closely examine or study'?
(A) Pour over or (B) Pore over
???
67.5%
...is a collective term for writing materials?
(A) Stationery or (B) Stationary
???
65.8%
...describes the dot above a lowercase i or j?
(A) Title or (B) Tittle
???
64.4%
...should be used to describe a measurable distance?
(A) Further or (B) Farther
???
63.1%
...means 'willing to please'?
(A) Complaisant or (B) Complacent
???
51.4%
...should be used to say that a person is experiencing nausea?
(A) Nauseated or (B) Nauseous
???
42.3%

You're not logged in!

Compare scores with friends on all Sporcle quizzes.
Join for Free
OR
Log In

You Might Also Like...

Show Comments

Extras

Top Quizzes Today


Score Distribution

Your Account Isn't Verified!

In order to create a playlist on Sporcle, you need to verify the email address you used during registration. Go to your Sporcle Settings to finish the process.

Report this User

Report this user for behavior that violates our Community Guidelines.

Details: